Вып. 2: Социокультурные аспекты. XYIII - начало XX в.; Адаптация русского населения в условиях освоения территории Сибири

Bibliografiske detaljer
Parent link:Адаптация русского населения в условиях освоения территории Сибири: Учебное пособие/ О. Н. Шелегина. Вып. 2: Социокультурные аспекты. XYIII - начало XX в..— , 2001-2002
Sprog:russisk
Udgivet: 2002
Fag:
Format: Bog
KOHA link:https://koha.lib.tpu.ru/cgi-bin/koha/opac-detail.pl?biblionumber=44830

MARC

LEADER 00000nam2a2200000 4500
001 44830
005 20231031022927.0
010 |a 5940101283 
035 |a (RuTPU)RU\TPU\book\46575 
090 |a 44830 
100 |a 20021127d2002 m y0rusy50 ca 
101 0 |a rus 
102 |a RU 
105 |a aс j 001zy 
200 0 |a Вып. 2: Социокультурные аспекты. XYIII - начало XX в. 
210 |d 2002 
215 |a 160 с.  |c ил. 
320 |a Библиогр.: с. 138-148. 
461 1 |0 (RuTPU)RU\TPU\book\47615  |t Адаптация русского населения в условиях освоения территории Сибири  |o Учебное пособие  |f О. Н. Шелегина  |v Вып. 2: Социокультурные аспекты. XYIII - начало XX в.  |d 2001-2002  |s Федеральная целевая программа "Государственная поддержка интеграции высшего образования и фундаментальной науки на 1997-2000 годы" 
610 1 |a история 
610 1 |a этнография 
610 1 |a Сибирь 
610 1 |a 18 век 
610 1 |a 19 век 
610 1 |a 20 век 
610 1 |a быт 
610 1 |a русское население 
610 1 |a адаптация 
610 1 |a семья 
610 1 |a обряды 
610 1 |a традиции 
610 1 |a музеи 
610 1 |a учебные пособия 
686 |a Т52(25)  |v LBC/SL-A  |2 rubbk 
686 |a Т3(253)  |v LBC/SL-A  |2 rubbk 
801 1 |a RU  |b 63413507  |c 20021127  |g PSBO 
801 2 |a RU  |b 63413507  |c 20130507  |g PSBO 
942 |c BK